Magyarország-Triptichon Jókai, Krúdy, Márai /

Elmentve itt :
Bibliográfiai részletek
Szerző: Kovács Dóra
További közreműködők: Baranyai Zsolt (Témavezető)
Dokumentumtípus: Szakdolgozat
Megjelent: 2009
Tárgyszavak:
Online Access:http://diploma.bibl.u-szeged.hu/138525
LEADER 00659nta a2200193 i 4500
001 dipl138525
005 20240314145301.0
008 240311s2009 hu om 000 hun d
040 |a SZTE Diploma Repozitórium  |b hun 
041 |a hun 
100 1 |a Kovács Dóra 
245 1 0 |a Magyarország-Triptichon  |h [elektronikus dokumentum] :  |b Jókai, Krúdy, Márai /  |c Dóra Kovács 
260 |c 2009 
650 4 |a Bölcsészettudományok 
650 4 |a Humanities 
650 4 |a Languages and Literature 
650 4 |a General literature studies 
700 0 1 |a Baranyai Zsolt  |e ths 
856 4 0 |u https://diploma.bibl.u-szeged.hu/id/eprint/138525/1/2009_kovacs_dora.pdf  |z Dokumentum-elérés